Central Library OPAC University of Rajshahi

Inorganic complexes / (Record no. 72165)

MARC details
000 -LEADER
fixed length control field 00694nam a2200241 a 4500
001 - CONTROL NUMBER
control field 72165
003 - CONTROL NUMBER IDENTIFIER
rucl marc code BD-RjUL
005 - DATE AND TIME OF LATEST TRANSACTION
control field 20211209082223.0
008 - FIXED-LENGTH DATA ELEMENTS--GENERAL INFORMATION
fixed length control field 170514s1963 enka b 001 0 eng
035 ## - SYSTEM CONTROL NUMBER
System control number (BD-RjUL)72381
040 ## - CATALOGING SOURCE
Original cataloging agency DLC/ICU
Transcribing agency ICU
Modifying agency BD-RjUL
Language of cataloging eng
041 ## - LANGUAGE CODE
Language code of text/sound track or separate title eng
082 00 - DEWEY DECIMAL CLASSIFICATION NUMBER
Classification number 541.224
Edition number 23
Author mark and year JOI 1963
100 1# - MAIN ENTRY--PERSONAL NAME
Personal name Jørgensen, Christian Klixbüll.
9 (RLIN) 207029
245 10 - TITLE STATEMENT
Title Inorganic complexes /
Statement of responsibility, etc. Christian Klixbüll Jørgensen
260 ## - PUBLICATION, DISTRIBUTION, ETC. (IMPRINT)
Place of publication, distribution, etc. London :
Name of publisher, distributor, etc. Academic Press,
Date of publication, distribution, etc. 1963.
300 ## - PHYSICAL DESCRIPTION
Pagination 220 p. :
Illustrations ill. ;
Size 24 cm.
500 ## - GENERAL NOTE
General note Includes index
650 #0 - SUBJECT ADDED ENTRY--TOPICAL TERM
Topical term or geographic name as entry element Chemical bonds.
9 (RLIN) 213423
Topical term or geographic name as entry element Complex compounds.
9 (RLIN) 160667
942 ## - ADDED ENTRY ELEMENTS (KOHA)
Source of classification or shelving scheme Dewey Decimal Classification
Koha item type Books
Holdings
Lost status Source of classification or shelving scheme Damaged status Not for loan Collection code Permanent Location Current Location Shelving location Date acquired Source of acquisition Cost, normal purchase price Total Checkouts Full call number Date last seen Copy number Koha item type
  Dewey Decimal Classification   Not For Loan Non-fiction Central Library, University of Rajshahi Central Library, University of Rajshahi Reading Room 12/08/1968 Sweet & Zeitlinger 42.00   541.224 JOI 1963 14/05/2017 C-1 Books
  Dewey Decimal Classification     Non-fiction Central Library, University of Rajshahi Central Library, University of Rajshahi   28/12/1968 Sweet & Zeitlinger 42.00   541.224 JOI 1963 14/05/2017 C-2 Books
  Dewey Decimal Classification     Non-fiction Central Library, University of Rajshahi Central Library, University of Rajshahi   21/09/1968 Zeitlinger     541.224 JOI 1966 14/05/2017 C-3 Books
  Dewey Decimal Classification     Non-fiction Central Library, University of Rajshahi Central Library, University of Rajshahi   21/09/1968 Zeitlinger 42.00   541.224 JOI 1966 14/05/2017 C-4 Books
  Dewey Decimal Classification     Non-fiction Central Library, University of Rajshahi Central Library, University of Rajshahi   21/09/1968 Zeitlinger 42.00   541.224 JOI 1966 14/05/2017 C-5 Books
  Dewey Decimal Classification     Non-fiction Central Library, University of Rajshahi Central Library, University of Rajshahi   21/09/1968 Zeitlinger 42.00   541.224 JOI 1966 14/05/2017 C-6 Books